[Event "Sitges op 47th"]
[Site "Sitges"]
[Date "2023.07.30"]
[Round "9"]
[White "Al Thebaiti, Ahmed M"]
[Black "Valantiejus, Vaidotas"]
[Result "1-0"]
[WhiteElo "1976"]
[BlackElo "2144"]
[PlyCount "75"]
[EventDate "2023.07.22"]
[EventType "swiss"]
[EventRounds "9"]
[EventCountry "ESP"]
[SourceTitle "CBM 215 Extra"]
[Source "ChessBase"]
[SourceDate "2023.09.30"]
[SourceVersion "1"]
[SourceVersionDate "2023.09.30"]
[SourceQuality "1"]

1. e4 c5 2. Nf3 e6 3. g3 d5 4. exd5 exd5 5. d4 Nc6 6. Bg2 Bg4 7. 0-0 cxd4 8. Nbd2 Bc5 9. Re1+ Nge7 10. Nb3 Bb6 11. Bg5 f6 12. Bf4 0-0 13. h3 Bxf3 14. Qxf3 Ne5 15. Qe2 N7g6 16. Qb5 Nxf4 17. gxf4 Ng6 18. Qxd5+ Kh8 19. Qxb7 Rb8 20. Qf3 f5 21. Rad1 Qc7 22. Nxd4 Bxd4 23. Rxd4 Rxb2 24. c4 Rxa2 25. Qg3 Qa5 26. Rdd1 Rd2 27. h4 Rfd8 28. Bd5 Rxd1 29. Rxd1 Qc7 30. Rd4 Qb6 31. Rd1 Qb8 32. Ra1 Nxf4 33. Kh2 Qc7 34. Bf3 a5 35. c5 Rd4 36. c6 Qd8 37. Rb1 g6 38. Rb7 1-0

[Event "Sitges op 47th"]
[Site "Sitges"]
[Date "2023.07.24"]
[Round "3"]
[White "Roca Planas, Edgar"]
[Black "Al Thebaiti, Ahmed M"]
[Result "1-0"]
[WhiteElo "2170"]
[BlackElo "1976"]
[PlyCount "89"]
[EventDate "2023.07.22"]
[EventType "swiss"]
[EventRounds "9"]
[EventCountry "ESP"]
[SourceTitle "CBM 215 Extra"]
[Source "ChessBase"]
[SourceDate "2023.09.30"]
[SourceVersion "1"]
[SourceVersionDate "2023.09.30"]
[SourceQuality "1"]

1. e4 e5 2. Nf3 Nc6 3. Bb5 a6 4. Ba4 Nf6 5. 0-0 Be7 6. Bxc6 dxc6 7. d3 Nd7 8. Nbd2 0-0 9. a4 a5 10. Nc4 f6 11. Nh4 Nc5 12. Nf5 Re8 13. Qg4 Bf8 14. h4 Kh8 15. h5 Ne6 16. Qg3 Nd4 17. Nxd4 Qxd4 18. Be3 Qd7 19. f4 Qg4 20. Qxg4 Bxg4 21. fxe5 fxe5 22. Rf7 Bxh5 23. Rxc7 b5 24. axb5 cxb5 25. Nxa5 Rec8 26. Rxc8 Rxc8 27. Nb3 Bf7 28. Nd2 Rxc2 29. Ra8 Kg8 30. b4 Be6 31. Bc5 Rxc5 32. bxc5 Kf7 33. c6 Bd6 34. Ra7+ Kf6 35. Rb7 Bb4 36. Nf3 Bc5+ 37. Kf1 b4 38. Nd2 Bd6 39. Ke2 Bc8 40. Rb6 h5 41. Nc4 Bc7 42. Rxb4 g5 43. Nb6 Bg4+ 44. Kf2 Be6 45. Nd5+ 1-0

[Event "Sitges op 47th"]
[Site "Sitges"]
[Date "2023.07.22"]
[Round "1"]
[White "Chandran, Kapil"]
[Black "Al Thebaiti, Ahmed M"]
[Result "1-0"]
[WhiteElo "2333"]
[BlackElo "1976"]
[PlyCount "29"]
[EventDate "2023.07.22"]
[EventType "swiss"]
[EventRounds "9"]
[EventCountry "ESP"]
[SourceTitle "CBM 215 Extra"]
[Source "ChessBase"]
[SourceDate "2023.09.30"]
[SourceVersion "1"]
[SourceVersionDate "2023.09.30"]
[SourceQuality "1"]

1. d4 Nf6 2. c4 e6 3. Nf3 d5 4. g3 Bb4+ 5. Bd2 a5 6. Bg2 dxc4 7. 0-0 0-0 8. a4 c5 9. dxc5 Bxc5 10. Na3 Bd7 11. Nxc4 Bc6 12. Rc1 Nbd7 13. Ne1 Bxg2 14. Kxg2 Nb6 15. Nxa5 1-0

[Event "Riadh Rapid op"]
[Site "Riadh"]
[Date "2023.03.18"]
[Round "6"]
[White "Al Thebaiti, Ahmed M"]
[Black "Hemam, Moulaye Brahim"]
[Result "0-1"]
[WhiteElo "1976"]
[BlackElo "2056"]
[PlyCount "78"]
[EventDate "2023.03.17"]
[EventType "swiss (rapid)"]
[EventRounds "9"]
[EventCountry "SAU"]
[SourceTitle "CBM 213 Extra"]
[Source "ChessBase"]
[SourceDate "2023.05.31"]
[SourceVersion "1"]
[SourceVersionDate "2023.05.31"]
[SourceQuality "1"]

1. e4 c6 2. Nc3 d5 3. Nf3 dxe4 4. Nxe4 Nf6 5. Qe2 Nxe4 6. Qxe4 Be6 7. Bc4 Bxc4 8. Qxc4 Qd5 9. Qxd5 cxd5 10. d4 Nc6 11. Bd2 e6 12. 0-0 Bd6 13. Rfe1 Kd7 14. b3 b5 15. a3 a5 16. Be3 f6 17. Red1 Rhc8 18. Ne1 Ne7 19. f4 Nf5 20. Kf2 Be7 21. Kf3 Nd6 22. Rdc1 Rc3 23. Nd3 Ne4 24. Nf2 Nxf2 25. Kxf2 Rac8 26. Ra2 a4 27. b4 R3c4 28. Ke2 h6 29. g4 g5 30. f5 e5 31. Kd3 Rc3+ 32. Kd2 Rxa3 33. Rb2 Rac3 34. Ra1 R8c4 35. h4 exd4 36. Bxd4 Rg3 37. Be3 Bxb4+ 38. Ke2 Bc3 39. Rab1 Bxb2 0-1

[Event "Riadh Rapid op"]
[Site "Riadh"]
[Date "2023.03.18"]
[Round "7"]
[White "Ismael, Mohamed Goumaneh"]
[Black "Al Thebaiti, Ahmed M"]
[Result "0-1"]
[WhiteElo "1478"]
[BlackElo "1976"]
[PlyCount "83"]
[EventDate "2023.03.17"]
[EventType "swiss (rapid)"]
[EventRounds "9"]
[EventCountry "SAU"]
[SourceTitle "CBM 213 Extra"]
[Source "ChessBase"]
[SourceDate "2023.05.31"]
[SourceVersion "1"]
[SourceVersionDate "2023.05.31"]
[SourceQuality "1"]

1. c4 c6 2. Nf3 d5 3. cxd5 cxd5 4. d4 Nf6 5. g3 e6 6. Bg2 Be7 7. 0-0 Nc6 8. a3 a6 9. Nc3 0-0 10. e3 b5 11. Bd2 Bb7 12. Rc1 Rc8 13. Ne2 Ne4 14. Be1 Qb6 15. b4 Nd6 16. Nd2 Nc4 17. Nxc4 dxc4 18. Bc3 Bf6 19. d5 Ne5 20. Bd4 Qd8 21. dxe6 Bxg2 22. exf7+ Rxf7 23. Kxg2 Qd5+ 24. f3 Nd3 25. Rc3 Bxd4 26. Nxd4 Re8 27. Qd2 Rfe7 28. Re1 Nxe1+ 29. Qxe1 Qxd4 30. e4 Rd8 31. Kh3 Red7 32. e5 Qd2 33. Qa1 Qh6+ 34. Kg4 Rd4+ 35. f4 Qg6+ 36. Kh3 h5 37. Rf3 Qg4+ 38. Kg2 Rd2+ 39. Rf2 Rxf2+ 40. Kxf2 Rd2+ 41. Kg1 Qe2 42. Qc3 0-1

[Event "Brno op"]
[Site "Brno"]
[Date "2022.11.17"]
[Round "6"]
[White "Al Thebaiti, Ahmed M"]
[Black "Dvorakova, Olga"]
[Result "0-1"]
[WhiteElo "1931"]
[BlackElo "2054"]
[PlyCount "94"]
[EventDate "2022.11.12"]
[EventType "swiss"]
[EventRounds "9"]
[EventCountry "CZE"]
[SourceTitle "CBM 211 Extra"]
[Source "ChessBase"]
[SourceDate "2023.01.31"]
[SourceVersion "1"]
[SourceVersionDate "2023.01.31"]
[SourceQuality "1"]

1. d4 Nf6 2. Bf4 c5 3. d5 d6 4. Nc3 Qa5 5. Bd2 Qb6 6. e4 g6 7. Nf3 Bg7 8. Be2 0-0 9. h3 e6 10. 0-0 exd5 11. exd5 Bf5 12. g4 Bd7 13. Rb1 a6 14. Bf4 Bb5 15. Nd2 Re8 16. Bxb5 axb5 17. a4 bxa4 18. Qf3 Qa6 19. Nde4 Nxe4 20. Nxe4 Be5 21. Bxe5 Rxe5 22. Nf6+ Kg7 23. Rfe1 Qb5 24. c4 Qb6 25. Ne8+ Kf8 26. Qf6 Nd7 27. Qxd6+ Qxd6 28. Nxd6 Ra6 29. Nb5 Rb6 30. f4 Rxd5 31. cxd5 Rxb5 32. Ra1 Rb4 33. d6 Rd4 34. Rad1 Rxd1 35. Rxd1 Ke8 36. Ra1 b5 37. b3 Nb6 38. bxa4 Nxa4 39. Re1+ Kd7 40. Re7+ Kxd6 41. Rxf7 b4 42. f5 gxf5 43. gxf5 Nb6 44. Rb7 Kc6 45. Rb8 b3 46. f6 b2 47. f7 b1Q+ 0-1

[Event "Brno op"]
[Site "Brno"]
[Date "2022.11.13"]
[Round "2"]
[White "Al Thebaiti, Ahmed M"]
[Black "Husek, Martin"]
[Result "1/2-1/2"]
[WhiteElo "1931"]
[BlackElo "2192"]
[PlyCount "71"]
[EventDate "2022.11.12"]
[EventType "swiss"]
[EventRounds "9"]
[EventCountry "CZE"]
[SourceTitle "CBM 211 Extra"]
[Source "ChessBase"]
[SourceDate "2023.01.31"]
[SourceVersion "1"]
[SourceVersionDate "2023.01.31"]
[SourceQuality "1"]

1. d4 Nf6 2. Bf4 d5 3. e3 c5 4. c3 Nc6 5. Nd2 e6 6. Ngf3 cxd4 7. exd4 Nh5 8. Bg5 f6 9. Bh4 Bd6 10. Bg3 Nf4 11. Bxf4 Bxf4 12. g3 Bd6 13. Bh3 0-0 14. 0-0 Rf7 15. Nb3 Bd7 16. Re1 f5 17. Ne5 Bxe5 18. dxe5 f4 19. Nd4 Qb6 20. Re2 Nxd4 21. Qxd4 Qxd4 22. cxd4 Rc8 23. Ree1 Rc2 24. Rec1 Rxb2 25. Rab1 Rxb1 26. Rxb1 b6 27. Rc1 Kf8 28. Rc7 Ke8 29. Rxa7 fxg3 30. Ra8+ Ke7 31. hxg3 Rf3 32. Rg8 Kf7 33. Rd8 Ke7 34. Rg8 Kf7 35. Rd8 Ke7 36. Rg8 1/2-1/2

[Event "Online Olym Div4 B"]
[Site "Chess.com INT"]
[Date "2021.08.21"]
[Round "6.1"]
[White "Al Thebaiti, Ahmed M"]
[Black "Khalema, Sechaba"]
[Result "0-1"]
[WhiteElo "1976"]
[BlackElo "1826"]
[PlyCount "56"]
[EventDate "2021.08.20"]
[EventType "team (rapid)"]
[EventRounds "11"]
[EventCountry "USA"]
[SourceTitle "CBM 203 Extra"]
[Source "ChessBase"]
[SourceDate "2021.09.30"]
[SourceVersion "1"]
[SourceVersionDate "2021.09.30"]
[SourceQuality "1"]
[WhiteTeam "Saudi Arabia"]
[BlackTeam "Lesotho"]
[WhiteTeamCountry "SAU"]
[BlackTeamCountry "LES"]

1. d4 d5 2. Bf4 Nf6 3. e3 e6 4. Nf3 c5 5. c3 Nc6 6. Nbd2 Be7 7. h3 Bd7 8. Be2 Qb6 9. Qb3 Rc8 10. 0-0 0-0 11. Rfe1 Rfd8 12. Bf1 Be8 13. Rad1 h6 14. Qxb6 axb6 15. a3 c4 16. e4 b5 17. exd5 Nxd5 18. Bg3 Nb6 19. Ne5 Na4 20. Rb1 Na5 21. Be2 f6 22. Nef3 Bg6 23. Rbc1 Nxb2 24. Bf1 Kf7 25. Ne4 Na4 26. Nh4 Bh7 27. Nd2 Bxa3 28. Ra1 Bb2 0-1

[Event "Online Olym Div4 B"]
[Site "Chess.com INT"]
[Date "2021.08.21"]
[Round "5.6"]
[White "Al Thebaiti, Ahmed M"]
[Black "Thomas Araya, Fessihaye"]
[Result "1-0"]
[WhiteElo "1976"]
[BlackElo "1778"]
[PlyCount "115"]
[EventDate "2021.08.20"]
[EventType "team (rapid)"]
[EventRounds "11"]
[EventCountry "USA"]
[SourceTitle "CBM 203 Extra"]
[Source "ChessBase"]
[SourceDate "2021.09.30"]
[SourceVersion "1"]
[SourceVersionDate "2021.09.30"]
[SourceQuality "1"]
[WhiteTeam "Saudi Arabia"]
[BlackTeam "Eritrea"]
[WhiteTeamCountry "SAU"]
[BlackTeamCountry "ERI"]

1. d4 Nf6 2. Bf4 g6 3. e3 Bg7 4. Nc3 d5 5. Nf3 0-0 6. Qd2 Nc6 7. Bb5 Bd7 8. 0-0 Nh5 9. Bg5 h6 10. Bh4 g5 11. Bg3 e6 12. Rad1 a6 13. Bxc6 Bxc6 14. Be5 f6 15. Bg3 Nxg3 16. hxg3 b5 17. Ne2 Bb7 18. Nc1 Rc8 19. Nb3 Qd6 20. Nc5 Ba8 21. Qa5 Qb6 22. Qxa6 Qxa6 23. Nxa6 e5 24. Nc5 Kf7 25. g4 Rfe8 26. Rfe1 Kg6 27. Nd2 f5 28. gxf5+ Kxf5 29. Ndb3 Bc6 30. dxe5 Bxe5 31. Nd4+ Bxd4 32. exd4 Rxe1+ 33. Rxe1 Re8 34. Kf1 b4 35. Rxe8 Bxe8 36. Ke2 Bb5+ 37. Ke3 h5 38. f3 Bf1 39. Kf2 Bb5 40. a4 bxa3 41. bxa3 h4 42. a4 Bc4 43. a5 Bb5 44. a6 Bc6 45. a7 g4 46. fxg4+ Kxg4 47. Ne6 Kf5 48. Nxc7 Ke4 49. a8Q Bxa8 50. Nxa8 Kxd4 51. Nc7 Kc4 52. Ke3 d4+ 53. Kd2 Kc5 54. Ne6+ Kd5 55. Ng5 Kd6 56. Nf3 h3 57. gxh3 Kd5 58. Kd3 1-0

[Event "Online Olym Div4 B"]
[Site "Chess.com INT"]
[Date "2021.08.21"]
[Round "4.2"]
[White "Likoko, Elvis Wanasunia"]
[Black "Al Thebaiti, Ahmed M"]
[Result "1-0"]
[WhiteElo "1646"]
[BlackElo "1976"]
[PlyCount "67"]
[EventDate "2021.08.20"]
[EventType "team (rapid)"]
[EventRounds "11"]
[EventCountry "USA"]
[SourceTitle "CBM 203 Extra"]
[Source "ChessBase"]
[SourceDate "2021.09.30"]
[SourceVersion "1"]
[SourceVersionDate "2021.09.30"]
[SourceQuality "1"]
[WhiteTeam "Kenya"]
[BlackTeam "Saudi Arabia"]
[WhiteTeamCountry "KEN"]
[BlackTeamCountry "SAU"]

1. e4 e5 2. Nf3 Nc6 3. Bb5 a6 4. Ba4 Nf6 5. d3 b5 6. Bb3 Be7 7. 0-0 d6 8. a4 b4 9. a5 0-0 10. h3 Be6 11. Bxe6 fxe6 12. Re1 Rb8 13. Nbd2 Qe8 14. Nc4 Nh5 15. c3 Qg6 16. Nh2 Nf4 17. Bxf4 Rxf4 18. Re3 Rbf8 19. Rf3 d5 20. Nd2 Bc5 21. Qa4 Bxf2+ 22. Kxf2 dxe4 23. Nxe4 Ne7 24. Rxf4 Rxf4+ 25. Nf3 Nd5 26. c4 Ne7 27. Qxb4 Nf5 28. Qb8+ Kf7 29. Qxc7+ Ne7 30. Qxe5 Rxf3+ 31. gxf3 Nf5 32. Rg1 Qh6 33. Ng5+ Ke8 34. Qxe6+ 1-0

[Event "Wch Blitz"]
[Site "Moscow"]
[Date "2019.12.30"]
[Round "15"]
[White "Al Ghamdi, Ahmed M"]
[Black "Al Thebaiti, Ahmed M"]
[Result "1/2-1/2"]
[WhiteElo "2107"]
[BlackElo "1976"]
[PlyCount "28"]
[EventDate "2019.12.29"]
[EventType "swiss (blitz)"]
[EventRounds "21"]
[EventCountry "RUS"]
[SourceTitle "CBM 193 Extra"]
[Source "ChessBase"]
[SourceDate "2020.01.31"]
[SourceVersion "1"]
[SourceVersionDate "2020.01.31"]
[SourceQuality "1"]

1. e4 e5 2. Nf3 Nc6 3. Nc3 Nf6 4. Bb5 Nd4 5. Bc4 d6 6. 0-0 Bg4 7. Be2 Nxf3+ 8. Bxf3 Bxf3 9. Qxf3 Be7 10. d3 0-0 11. Bg5 h6 12. Bxf6 Bxf6 13. Nd5 Be7 14. Ne3 g6 1/2-1/2

[Event "Wch Blitz"]
[Site "Moscow"]
[Date "2019.12.30"]
[Round "18"]
[White "Al Thebaiti, Ahmed M"]
[Black "Mikhailovsky, Vladimir"]
[Result "0-1"]
[WhiteElo "1976"]
[BlackElo "2209"]
[PlyCount "55"]
[EventDate "2019.12.29"]
[EventType "swiss (blitz)"]
[EventRounds "21"]
[EventCountry "RUS"]
[SourceTitle "CBM 193 Extra"]
[Source "ChessBase"]
[SourceDate "2020.01.31"]
[SourceVersion "1"]
[SourceVersionDate "2020.01.31"]
[SourceQuality "1"]

1. d4 e5 2. dxe5 Nc6 3. Nf3 Nge7 4. Nc3 Ng6 5. e4 Ngxe5 6. Nxe5 Nxe5 7. Be2 Bc5 8. 0-0 d6 9. Na4 Bb6 10. Nxb6 axb6 11. f4 Nc6 12. Be3 0-0 13. Bd3 f5 14. Qh5 Qf6 15. c3 Ra5 16. b4 Ra3 17. b5 Rxc3 18. Qe2 Nb4 19. Bc4+ Be6 20. Bxe6+ Qxe6 21. Bd2 Rc2 22. Qd1 Qxe4 23. Re1 Qd4+ 24. Be3 Qxd1 25. Rexd1 Re8 26. Bd2 Nxa2 27. Be1 Ree2 28. Bg3 0-1

[Event "Wch Blitz"]
[Site "Moscow"]
[Date "2019.12.29"]
[Round "9"]
[White "Al Nhier, Hamoud"]
[Black "Al Thebaiti, Ahmed M"]
[Result "1/2-1/2"]
[WhiteElo "1934"]
[BlackElo "1976"]
[PlyCount "34"]
[EventDate "2019.12.29"]
[EventType "swiss (blitz)"]
[EventRounds "21"]
[EventCountry "RUS"]
[SourceTitle "CBM 193 Extra"]
[Source "ChessBase"]
[SourceDate "2020.01.31"]
[SourceVersion "1"]
[SourceVersionDate "2020.01.31"]
[SourceQuality "1"]

1. c4 Nf6 2. g3 c6 3. Bg2 d5 4. cxd5 cxd5 5. d4 Nc6 6. Nf3 e6 7. 0-0 Be7 8. b3 0-0 9. Bb2 b6 10. Ne5 Bb7 11. Nd2 Rc8 12. a3 Nd7 13. Ndf3 Ndxe5 14. Nxe5 Nxe5 15. dxe5 a5 16. Bd4 Bc5 17. Qd2 Qe7 1/2-1/2

[Event "Wch Blitz"]
[Site "Moscow"]
[Date "2019.12.29"]
[Round "6"]
[White "Atabayev, Maksat"]
[Black "Al Thebaiti, Ahmed M"]
[Result "1-0"]
[WhiteElo "2475"]
[BlackElo "1976"]
[PlyCount "69"]
[EventDate "2019.12.29"]
[EventType "swiss (blitz)"]
[EventRounds "21"]
[EventCountry "RUS"]
[SourceTitle "CBM 193 Extra"]
[Source "ChessBase"]
[SourceDate "2020.01.31"]
[SourceVersion "1"]
[SourceVersionDate "2020.01.31"]
[SourceQuality "1"]

1. e4 e5 2. Nf3 Nc6 3. Bb5 g6 4. c3 Bg7 5. 0-0 a6 6. Ba4 d6 7. d3 Nf6 8. h3 h6 9. c4 0-0 10. Be3 Rb8 11. Nc3 Bd7 12. Rc1 Qe8 13. Nd5 Nxd5 14. cxd5 Nd4 15. Bxd7 Qxd7 16. Bxd4 exd4 17. Rc4 c5 18. dxc6 bxc6 19. b3 c5 20. Re1 Rfe8 21. Qc1 Kh7 22. Ra4 Qb5 23. Qc4 Qxc4 24. Rxc4 a5 25. Ra4 Rb5 26. Kf1 Ra8 27. Nd2 Rb4 28. Nc4 Rxa4 29. bxa4 Rb8 30. Ke2 Rb4 31. Kd2 Rxa4 32. a3 h5 33. Kc2 Rxc4+ 34. dxc4 Bh6 35. Rb1 1-0

[Event "Wch Rapid"]
[Site "Moscow"]
[Date "2019.12.28"]
[Round "11"]
[White "Al Thebaiti, Ahmed M"]
[Black "Gutenev, Alexander"]
[Result "0-1"]
[WhiteElo "1976"]
[BlackElo "2469"]
[PlyCount "78"]
[EventDate "2019.12.26"]
[EventType "swiss (rapid)"]
[EventRounds "15"]
[EventCountry "RUS"]
[SourceTitle "CBM 193 Extra"]
[Source "ChessBase"]
[SourceDate "2020.01.31"]
[SourceVersion "1"]
[SourceVersionDate "2020.01.31"]
[SourceQuality "1"]

1. d4 Nf6 2. Bf4 b6 3. e3 Bb7 4. Nf3 g6 5. h3 Bg7 6. Be2 d6 7. 0-0 Nbd7 8. c4 0-0 9. Nc3 Ne4 10. Nxe4 Bxe4 11. Bh2 Bb7 12. b4 e5 13. a4 a5 14. b5 Qe7 15. Re1 f5 16. Qb3 Kh8 17. Rad1 Rae8 18. Qc3 h6 19. Nd2 exd4 20. exd4 Nc5 21. Nf3 Qf6 22. Qd2 Nb3 23. Qc3 Bxf3 24. Bxf3 Nxd4 25. Kh1 Ne6 26. Qxf6 Bxf6 27. Bc6 Re7 28. Bg1 Nc5 29. Rxe7 Bxe7 30. f3 Nxa4 31. Re1 Bf6 32. Re6 Kg7 33. Be3 Nb2 34. Rxf6 Rxf6 35. Bd4 Nxc4 36. Bd5 Ne5 37. f4 Nd3 38. g3 g5 39. Kg2 gxf4 0-1

[Event "Wch Rapid"]
[Site "Moscow"]
[Date "2019.12.28"]
[Round "13"]
[White "Al Thebaiti, Ahmed M"]
[Black "Tengis, Tsogochir"]
[Result "0-1"]
[WhiteElo "1976"]
[BlackElo "2190"]
[PlyCount "54"]
[EventDate "2019.12.26"]
[EventType "swiss (rapid)"]
[EventRounds "15"]
[EventCountry "RUS"]
[SourceTitle "CBM 193 Extra"]
[Source "ChessBase"]
[SourceDate "2020.01.31"]
[SourceVersion "1"]
[SourceVersionDate "2020.01.31"]
[SourceQuality "1"]

1. d4 Nf6 2. Bf4 g6 3. e3 Bg7 4. Nc3 0-0 5. h4 c5 6. dxc5 Qa5 7. Qd2 Qxc5 8. Nf3 Nc6 9. e4 d6 10. Be3 Qa5 11. h5 Nxh5 12. Bh6 Bxc3 13. bxc3 Rd8 14. Bd3 Bg4 15. Ng5 d5 16. e5 Nxe5 17. f3 d4 18. fxg4 dxc3 19. Qf2 Nf6 20. Kf1 Nexg4 21. Qh4 Rd5 22. Nxh7 Rh5 23. Nxf6+ Nxf6 24. Qxh5 Nxh5 25. Be3 Rd8 26. Kf2 Rxd3 27. cxd3 Qf5+ 0-1

[Event "Wch Rapid"]
[Site "Moscow"]
[Date "2019.12.28"]
[Round "15"]
[White "Glek, Igor Vladimirovich"]
[Black "Al Thebaiti, Ahmed M"]
[Result "1-0"]
[WhiteElo "2467"]
[BlackElo "1976"]
[PlyCount "57"]
[EventDate "2019.12.26"]
[EventType "swiss (rapid)"]
[EventRounds "15"]
[EventCountry "RUS"]
[SourceTitle "CBM 193 Extra"]
[Source "ChessBase"]
[SourceDate "2020.01.31"]
[SourceVersion "1"]
[SourceVersionDate "2020.01.31"]
[SourceQuality "1"]

1. e4 e5 2. Nf3 Nc6 3. Nc3 Nf6 4. g3 Bb4 5. Bg2 0-0 6. 0-0 Bxc3 7. bxc3 d5 8. exd5 Nxd5 9. Re1 Re8 10. c4 Nf6 11. Bb2 Qd6 12. d3 Bg4 13. h3 Bf5 14. g4 Bg6 15. Nh4 Rab8 16. Rb1 Nd7 17. Qc1 Nf8 18. Ba3 Qd7 19. Bxf8 Kxf8 20. Qa3+ Kg8 21. Qa4 f6 22. Nxg6 hxg6 23. Rxb7 e4 24. Rxb8 Nxb8 25. Qxd7 Nxd7 26. Bxe4 Kf8 27. Rb1 Nc5 28. Bxg6 Re2 29. Rb8+ 1-0

[Event "Wch Rapid"]
[Site "Moscow"]
[Date "2019.12.28"]
[Round "12"]
[White "Mikhailovsky, Vladimir"]
[Black "Al Thebaiti, Ahmed M"]
[Result "1-0"]
[WhiteElo "2209"]
[BlackElo "1976"]
[PlyCount "63"]
[EventDate "2019.12.26"]
[EventType "swiss (rapid)"]
[EventRounds "15"]
[EventCountry "RUS"]
[SourceTitle "CBM 193 Extra"]
[Source "ChessBase"]
[SourceDate "2020.01.31"]
[SourceVersion "1"]
[SourceVersionDate "2020.01.31"]
[SourceQuality "1"]

1. e4 e5 2. d4 exd4 3. c3 d5 4. exd5 Qxd5 5. cxd4 Nf6 6. Nc3 Bb4 7. Nf3 0-0 8. Be2 Bg4 9. 0-0 Bxc3 10. bxc3 Qd6 11. h3 Bh5 12. a4 Re8 13. Ba3 Qf4 14. Rb1 b6 15. Re1 Nbd7 16. Rb5 c6 17. Rb2 Rad8 18. Nh2 Bxe2 19. Rbxe2 Rxe2 20. Qxe2 h6 21. Qc4 c5 22. Re7 Ne4 23. Nf3 Qf6 24. Rxe4 Qg6 25. dxc5 bxc5 26. Qd5 Rb8 27. Rg4 Qb1+ 28. Kh2 Nf6 29. Qxc5 Nxg4+ 30. hxg4 Qe4 31. Qd4 Qe7 32. Bxe7 1-0

[Event "Asia zt 3.1"]
[Site "Amman"]
[Date "2019.06.21"]
[Round "3"]
[White "Miqdad, Fadii"]
[Black "Al Thebaiti, Ahmed M"]
[Result "1-0"]
[WhiteElo "1997"]
[BlackElo "1994"]
[PlyCount "153"]
[EventDate "2019.06.19"]
[EventType "swiss"]
[EventRounds "9"]
[EventCountry "JOR"]
[SourceTitle "CBM 191 Extra"]
[Source "ChessBase"]
[SourceDate "2019.09.30"]
[SourceVersion "1"]
[SourceVersionDate "2019.09.30"]
[SourceQuality "1"]

1. d4 d5 2. c4 dxc4 3. e4 Nf6 4. e5 Nd5 5. Bxc4 Nb6 6. Bb3 Nc6 7. Nf3 e6 8. Nc3 Be7 9. 0-0 0-0 10. a3 Re8 11. Bc2 Nd7 12. Qd3 Nf8 13. Be3 b6 14. Ne4 a5 15. Rfd1 Ba6 16. Qd2 Bc4 17. Nc3 Na7 18. Rac1 c6 19. Bg5 Nb5 20. Bxe7 Qxe7 21. Ne4 a4 22. h4 Bd5 23. h5 h6 24. Qf4 Nh7 25. Bd3 Nc7 26. Nd6 Rf8 27. Be4 Rab8 28. Bxd5 Nxd5 29. Qe4 c5 30. dxc5 bxc5 31. Qxa4 Ng5 32. Qg4 Nxf3+ 33. Qxf3 Rxb2 34. Rxc5 Qg5 35. a4 Ra2 36. Rdc1 Qf4 37. Qxf4 Nxf4 38. R1c4 Nd3 39. Rb5 Nxf2 40. a5 Ra8 41. Rf4 Nd3 42. Rxf7 Rf8 43. Rxf8+ Kxf8 44. Nc4 Nf4 45. g4 Ne2+ 46. Kf1 Nd4 47. Rb8+ Ke7 48. Rb7+ Kf8 49. Rb6 Ra4 50. a6 Kg8 51. Nd6 Kh7 52. Nc8 Rc4 53. a7 Rxc8 54. Rb8 Rc1+ 55. Kf2 Ra1 56. a8Q Rxa8 57. Rxa8 Nc6 58. Kg3 Nxe5 59. Re8 Nd7 60. Rxe6 Kg8 61. Re7 Nf6 62. Ra7 Kh7 63. Kf4 Nd5+ 64. Ke5 Nf6 65. Kf5 Nd5 66. Ra8 Ne3+ 67. Kf4 Nd5+ 68. Ke5 Nf6 69. Kf5 Nd5 70. Re8 Nf6 71. Rd8 Ng8 72. Rf8 Kh8 73. Ke6 Kh7 74. Rf3 Kh8 75. Rf8 g5 76. Rxg8+ Kxg8 77. Kf6 1-0

[Event "Asia zt 3.1"]
[Site "Amman"]
[Date "2019.06.19"]
[Round "1"]
[White "Pourramezanali, Amirreza"]
[Black "Al Thebaiti, Ahmed M"]
[Result "1-0"]
[WhiteElo "2466"]
[BlackElo "1994"]
[PlyCount "71"]
[EventDate "2019.06.19"]
[EventType "swiss"]
[EventRounds "9"]
[EventCountry "JOR"]
[SourceTitle "CBM 191 Extra"]
[Source "ChessBase"]
[SourceDate "2019.09.30"]
[SourceVersion "1"]
[SourceVersionDate "2019.09.30"]
[SourceQuality "1"]

1. c4 Nf6 2. Nc3 c6 3. d4 d5 4. Nf3 a6 5. c5 b6 6. cxb6 Qxb6 7. Na4 Qc7 8. Bd2 e6 9. e3 Bd6 10. Rc1 0-0 11. Bd3 Nbd7 12. 0-0 e5 13. dxe5 Nxe5 14. Nxe5 Bxe5 15. h3 Be6 16. Qc2 Rfc8 17. b4 h6 18. Rfd1 Bh2+ 19. Kh1 Bd6 20. Nc5 Bxc5 21. Qxc5 Qe5 22. Bc3 Qg5 23. f4 Qh4 24. f5 Bd7 25. Rf1 Ne4 26. Bxe4 Qxe4 27. Rf4 Bxf5 28. Rxe4 Bxe4 29. Rf1 Re8 30. Qd4 f6 31. Rxf6 gxf6 32. Qxf6 Ra7 33. Qh8+ Kf7 34. Qg7+ Ke6 35. Qxa7 Rg8 36. Bg7 1-0

[Event "Wch Blitz"]
[Site "St Petersburg"]
[Date "2018.12.30"]
[Round "20"]
[White "Al Thebaiti, Ahmed M"]
[Black "Ovchinnikov, Vsevolod"]
[Result "0-1"]
[WhiteElo "1976"]
[BlackElo "2329"]
[PlyCount "104"]
[EventDate "2018.12.29"]
[EventType "swiss (blitz)"]
[EventRounds "21"]
[EventCountry "RUS"]
[SourceTitle "CBM 187 Extra"]
[Source "ChessBase"]
[SourceDate "2018.11.04"]
[SourceVersion "1"]
[SourceVersionDate "2018.11.04"]
[SourceQuality "1"]

1. d4 Nf6 2. c4 g6 3. Nc3 d5 4. cxd5 Nxd5 5. e4 Nxc3 6. bxc3 Bg7 7. Be3 c5 8. Bc4 0-0 9. Ne2 Nc6 10. 0-0 Bd7 11. Rb1 Qc7 12. f4 Rad8 13. Qc2 Na5 14. Bb3 cxd4 15. cxd4 Rc8 16. Qxc7 Rxc7 17. Rfc1 Rfc8 18. e5 Bf5 19. Rxc7 Rxc7 20. Rc1 Rxc1+ 21. Bxc1 Nxb3 22. axb3 e6 23. b4 Bd3 24. Ng3 Bf8 25. Bd2 Be7 26. Kf2 Kf8 27. Ke3 Bc4 28. Bc3 h6 29. Ne4 b6 30. g4 Ke8 31. Ng3 Kd7 32. f5 Kc6 33. fxg6 fxg6 34. Ne4 Bd5 35. Nf6 Bf8 36. Kd3 a6 37. h4 Bf3 38. g5 hxg5 39. hxg5 Kb5 40. Nd7 Be7 41. Nf6 Bc6 42. Ne4 Bxe4+ 43. Kxe4 Kc4 44. Bd2 Bd8 45. Be1 Bxg5 46. Bg3 Be7 47. Be1 g5 48. Bd2 g4 49. Be3 Bxb4 50. d5 exd5+ 51. Kf5 d4 52. Bc1 g3 0-1